[Event "Open International Jeunes de Saint-Lô"]
[Site "?"]
[Date "2013.07.13"]
[Round "8.6"]
[White "Marie, Florian"]
[Black "David, Alexandru-Vasile"]
[Result "0-1"]
[WhiteElo "1754"]
[BlackElo "2080"]
[PlyCount "108"]
[SourceDate "2013.07.07"]

1. d4 Nf6 2. c4 g6 3. Nc3 d5 4. cxd5 Nxd5 5. e4 Nxc3 6. bxc3 Bg7 7. Bc4 O-O 8.
Ne2 c5 9. Be3 Qa5 10. O-O Nd7 11. Qd2 Nb6 12. Bb3 cxd4 13. cxd4 Qxd2 14. Bxd2
Bg4 15. f3 Bd7 16. a4 Rfc8 17. Bb4 e6 18. a5 Bb5 19. Ra2 Bxe2 20. Rxe2 Bxd4+
21. Kh1 Nc4 22. Bxc4 Rxc4 23. Bd6 Rd8 24. e5 Bc5 25. Rd2 Bxd6 26. exd6 Rc6 27.
Rfd1 Ra6 28. h3 Rxa5 29. Rc2 Rd5 30. Rxd5 exd5 31. Rc7 Rxd6 32. Rxb7 a6 33. Kg1
d4 34. Kf2 d3 35. Ke1 d2+ 36. Kd1 Kg7 37. g4 g5 38. Rc7 Kg6 39. Rc5 f6 40. Ra5
h6 41. Ra4 h5 42. Ra5 h4 43. Ra4 Rd3 44. Rxa6 Rxf3 45. Kxd2 Rxh3 46. Ke2 Rg3
47. Ra4 h3 48. Kf2 h2 49. Ra1 Rxg4 50. Rh1 Rb4 51. Kg3 Rb2 52. Ra1 f5 53. Rc1
Kh5 54. Kf3 Kh4 0-1

[Event "Open International Jeunes de Saint-Lô"]
[Site "?"]
[Date "2013.07.13"]
[Round "8.7"]
[White "Bouvet, Florian"]
[Black "Monpeurt, Cyrielle"]
[Result "1/2-1/2"]
[WhiteElo "1768"]
[BlackElo "2043"]
[PlyCount "72"]
[SourceDate "2013.07.07"]

1. e4 e5 2. Nf3 Nc6 3. Bc4 Bc5 4. c3 Nf6 5. d3 d6 6. O-O O-O 7. a4 a6 8. Nbd2
Ba7 9. Re1 Ng4 10. Re2 Kh8 11. h3 f5 12. Nf1 Nf6 13. exf5 Bxf5 14. Ng3 Bd7 15.
Be3 Bxe3 16. Rxe3 Qe8 17. Bb3 Qg6 18. Nh4 Qg5 19. Nf3 Qh6 20. d4 Rae8 21. dxe5
dxe5 22. Qe2 e4 23. Nxe4 Nxe4 24. Rxe4 Qg6 25. Rxe8 Rxe8 26. Qd2 Bxh3 27. Qg5
Bf5 28. Qxg6 Bxg6 29. Re1 Rxe1+ 30. Nxe1 Ne5 31. f3 c5 32. Kf2 c4 33. Bd1 Kg8
34. Ke3 Nc6 35. Nc2 Kf8 36. Na3 Ne5 1/2-1/2

[Event "Open International Jeunes de Saint-Lô"]
[Site "?"]
[Date "2013.07.13"]
[Round "8.8"]
[White "Aghamir Alrobiai, Nizar"]
[Black "Le Bris, Yann"]
[Result "1/2-1/2"]
[WhiteElo "1773"]
[BlackElo "1910"]
[PlyCount "117"]
[SourceDate "2013.07.07"]

1. e4 e5 2. Nf3 Nc6 3. Bb5 Bc5 4. O-O Nd4 5. Nxd4 Bxd4 6. c3 Bb6 7. d4 c6 8.
Ba4 d6 9. d5 Bd7 10. dxc6 Bxc6 11. Na3 Qd7 12. Bxc6 Qxc6 13. Qg4 g6 14. Bg5 h6
15. Qh4 Kf8 16. Bf6 Rh7 17. Nc2 Nxf6 18. Qxf6 Bd8 19. Qf3 f5 20. Rae1 Rf7 21.
Nb4 Qd7 22. Qg3 g5 23. Qh3 Kg7 24. exf5 Qxf5 25. Qxf5 Rxf5 26. Rd1 Rf6 27. Rd2
a5 28. Nd5 Rg6 29. Rfd1 Kf8 30. Ne3 Ra6 31. g4 Bc7 32. Kg2 Ke8 33. Nf5 Kd7 34.
Rd3 Rc6 35. Rh3 Rc4 36. f3 e4 37. Rxh6 exf3+ 38. Kxf3 Rf4+ 39. Kg3 Rxh6 40.
Nxh6 d5 41. Kg2 Ke6 42. h3 Re4 43. Rd2 Bf4 44. Rc2 Re3 45. Nf5 Rd3 46. Nd4+ Kd6
47. Nf3 Re3 48. Kf2 Re8 49. Re2 Re4 50. Nd4 Ke5 51. Nf3+ Kd6 52. Rxe4 dxe4 53.
Nd4 Bc1 54. b3 Bd2 55. Nb5+ Ke5 56. c4 Kf4 57. Nd6 b6 58. Nf5 Bb4 59. Ke2
1/2-1/2

[Event "Open International Jeunes de Saint-Lô"]
[Site "?"]
[Date "2013.07.13"]
[Round "8.9"]
[White "Flotte, Antoine"]
[Black "Banzea, Alexandru-Bogdan"]
[Result "0-1"]
[WhiteElo "1626"]
[BlackElo "1856"]
[PlyCount "44"]
[SourceDate "2013.07.07"]

1. d4 Nf6 2. Nf3 c5 3. d5 e6 4. Nc3 d6 5. e4 exd5 6. exd5 Be7 7. Bb5+ Nbd7 8.
O-O O-O 9. Re1 a6 10. Bd3 b5 11. Ng5 Bb7 12. Re3 b4 13. Nce4 h6 14. Rh3 hxg5
15. Nxf6+ Nxf6 16. Bh7+ Nxh7 17. Qh5 f5 18. Qg6 Nf6 19. Bxg5 Qe8 20. Qxf5 Bc8
21. Qd3 Bxh3 22. Qxh3 Qf7 0-1

[Event "Open International Jeunes de Saint-Lô"]
[Site "?"]
[Date "2013.07.13"]
[Round "8.10"]
[White "Auvray, Honorine"]
[Black "Seignat, Florian"]
[Result "1-0"]
[WhiteElo "1895"]
[BlackElo "1740"]
[PlyCount "109"]
[SourceDate "2013.07.07"]

1. e4 e6 2. d4 d5 3. e5 c5 4. c3 Nc6 5. Nf3 Qb6 6. a3 c4 7. Be2 Na5 8. Nbd2 Ne7
9. O-O Nf5 10. Ne1 Bd7 11. g4 Nh4 12. Ng2 Nxg2 13. Kxg2 Be7 14. Rb1 O-O 15. f4
f6 16. exf6 Rxf6 17. Ra1 Raf8 18. Nf3 Nb3 19. Ne5 Nxa1 20. Nxd7 Qc7 21. Nxf8
Rxf8 22. g5 Bd6 23. Bg4 Qd7 24. Qe2 Re8 25. Re1 Kf7 26. h4 Nb3 27. h5 b5 28.
g6+ hxg6 29. hxg6+ Kf6 30. Be3 a5 31. Bf2 Bxf4 32. Bh4+ Kxg6 33. Bh5+ Kh7 34.
Bxe8 Qxe8 35. Kh3 Qg6 36. Qxe6 Qxe6+ 37. Rxe6 Bc1 38. Re2 g5 39. Bf2 Kg6 40.
Kg4 Kf6 41. Be3 Bxe3 42. Rxe3 Nc1 43. Re5 Nd3 44. Rxd5 Nxb2 45. Rf5+ Ke6 46.
Rxb5 Na4 47. Rxa5 Nxc3 48. Rc5 Nd1 49. Kxg5 Nb2 50. Kg4 c3 51. Kf3 Na4 52. Rc8
Kd5 53. Ke3 Nb2 54. Rc5+ Kd6 55. Rxc3 1-0

[Event "Open International Jeunes de Saint-Lô"]
[Site "?"]
[Date "2013.07.13"]
[Round "8.11"]
[White "Glotin, Adrien"]
[Black "Jamar, Vadim"]
[Result "0-1"]
[WhiteElo "1571"]
[BlackElo "1805"]
[PlyCount "116"]
[SourceDate "2013.07.07"]

1. d4 Nf6 2. c4 c5 3. d5 b5 4. Qc2 g6 5. e4 d6 6. Nc3 b4 7. Nce2 Bg7 8. Ng3 O-O
9. Be2 Nfd7 10. Nf3 Nb6 11. Bd3 a5 12. Rb1 a4 13. a3 b3 14. Qe2 Bg4 15. h3 Bxf3
16. Qxf3 N8d7 17. Bf4 Ne5 18. Bxe5 Bxe5 19. h4 Nd7 20. Ne2 Bg7 21. Qh3 Qc8 22.
Qh2 Ne5 23. Nf4 Bh6 24. Be2 Bxf4 25. Qxf4 f5 26. Qg5 fxe4 27. Qxe7 Qf5 28. O-O
Qf6 29. Qxf6 Rxf6 30. Rbd1 Raf8 31. Rc1 Kg7 32. Rc3 h6 33. Re3 Nd3 34. Bxd3
exd3 35. Rxd3 Rf4 36. Rc3 Rxh4 37. Re1 Rd4 38. Kf1 Rd2 39. Re2 Rd1+ 40. Re1
Rxe1+ 41. Kxe1 Rf4 42. Ke2 Kf6 43. g3 Re4+ 44. Kd2 Ke5 45. f3 Rd4+ 46. Ke2 Kf5
47. Rc1 h5 48. Ke3 g5 49. Ke2 h4 50. gxh4 gxh4 51. Ke3 h3 52. Ke2 h2 53. Ke3
Rxc4 54. Rxc4 h1=Q 55. Rf4+ Ke5 56. Re4+ Kxd5 57. Rg4 Qc1+ 58. Kd3 c4+ 0-1

[Event "Open International Jeunes de Saint-Lô"]
[Site "?"]
[Date "2013.07.13"]
[Round "8.12"]
[White "Fayad, Erwan"]
[Black "Guerlach, Keigo"]
[Result "1/2-1/2"]
[WhiteElo "1938"]
[BlackElo "1730"]
[PlyCount "60"]
[SourceDate "2013.07.07"]

1. e4 e5 2. Nf3 Nf6 3. Bc4 Nxe4 4. Nc3 Nxc3 5. dxc3 Be7 6. Nxe5 O-O 7. Qf3 Qe8
8. Be3 d6 9. Nd3 Qc6 10. Bd5 Qd7 11. O-O-O Qa4 12. Bb3 Qg4 13. Qxg4 Bxg4 14. f3
Be6 15. Bxe6 fxe6 16. Rhe1 e5 17. Nb4 Nd7 18. c4 Nf6 19. c5 dxc5 20. Nd3 Nd7
21. c4 Bd6 22. Bd2 Rfe8 23. Bc3 Kf7 24. Re4 Re6 25. Rde1 Rae8 26. Kc2 R6e7 27.
Rh4 h6 28. Nf2 Nf6 29. Ne4 Nxe4 30. Rhxe4 Re6 1/2-1/2

[Event "Open International Jeunes de Saint-Lô"]
[Site "?"]
[Date "2013.07.13"]
[Round "8.13"]
[White "Chauvet, Etienne"]
[Black "Niepceron, Luc"]
[Result "1/2-1/2"]
[WhiteElo "1620"]
[BlackElo "1800"]
[PlyCount "76"]
[SourceDate "2013.07.07"]

1. d4 Nf6 2. e3 g6 3. f4 d5 4. c3 Bg7 5. Nf3 Nbd7 6. Bd3 c5 7. O-O O-O 8. Ne5
b6 9. Bd2 Ne8 10. Qf3 Bb7 11. Qh3 Ndf6 12. Be1 Nd6 13. Nd2 Bc8 14. Qf3 Bf5 15.
Bxf5 Nxf5 16. g4 Nd6 17. Bh4 Nfe4 18. Nxe4 Nxe4 19. Qe2 f6 20. Nd3 Qd6 21. Nf2
Nxf2 22. Rxf2 e5 23. f5 exd4 24. exd4 Rfe8 25. Bg3 Qc6 26. Qf1 Re4 27. Rf4 Rae8
28. dxc5 Qxc5+ 29. Kh1 d4 30. Rxe4 Rxe4 31. Qf3 Re3 32. cxd4 Qxd4 33. Qg2 Qxg4
34. Qd5+ Kf8 35. Bd6+ Ke8 36. Qc6+ Kf7 37. Qd7+ Kg8 38. Qd8+ Kf7 1/2-1/2

[Event "Open International Jeunes de Saint-Lô"]
[Site "?"]
[Date "2013.07.13"]
[Round "8.14"]
[White "Pichon, Julien"]
[Black "Turcuman, Dragos-Mihaï"]
[Result "0-1"]
[WhiteElo "1775"]
[BlackElo "1595"]
[PlyCount "56"]
[SourceDate "2013.07.07"]

1. e4 c5 2. Nf3 d6 3. d4 Nf6 4. Nc3 cxd4 5. Nxd4 g6 6. f4 Nc6 7. Nf3 Bg7 8. Bc4
O-O 9. O-O Bd7 10. h3 Rc8 11. Be3 a6 12. Qd2 b5 13. Bb3 b4 14. Nd5 Nxe4 15. Qe1
Nc5 16. Nxb4 Nxb4 17. Qxb4 Nxb3 18. cxb3 Bxb2 19. Bb6 Qe8 20. Bd4 Bxa1 21. Bxa1
f6 22. Qd4 h6 23. g4 Qf7 24. Kh2 Rc2+ 25. Kg1 Bc6 26. Qd3 Rxa2 27. Nh4 Bb5 28.
Qd4 Bxf1 0-1

[Event "Open International Jeunes de Saint-Lô"]
[Site "?"]
[Date "2013.07.13"]
[Round "8.15"]
[White "Pigeat, Benoît"]
[Black "Niepceron, Hugo"]
[Result "1-0"]
[WhiteElo "1766"]
[BlackElo "1544"]
[PlyCount "61"]
[SourceDate "2013.07.07"]

1. e4 c5 2. Nf3 Nc6 3. d4 cxd4 4. Nxd4 g6 5. Nc3 Bg7 6. Be3 Nf6 7. h3 O-O 8.
Qd2 d6 9. Be2 Nxd4 10. Bxd4 Be6 11. Bf3 a6 12. O-O-O b5 13. e5 dxe5 14. Bxe5
Qxd2+ 15. Rxd2 Rad8 16. Rxd8 Rxd8 17. Rd1 Bh6+ 18. Kb1 Rc8 19. Bb7 Rc5 20. Rd8+
Kg7 21. Bd4 Rg5 22. g4 b4 23. Ne4 Ra5 24. b3 Bf4 25. Nc5 Bc7 26. Ra8 Bb6 27.
Nxe6+ fxe6 28. Bxb6 Rb5 29. Rxa6 Nd7 30. Bd4+ e5 31. Bc6 1-0

[Event "Open International Jeunes de Saint-Lô"]
[Site "?"]
[Date "2013.07.14"]
[Round "9.1"]
[White "Pigeat, Alexandre"]
[Black "Macon, Arthur"]
[Result "0-1"]
[WhiteElo "1942"]
[BlackElo "2140"]
[PlyCount "142"]
[SourceDate "2013.07.07"]

1. e4 e6 2. d4 d5 3. Nd2 Nf6 4. e5 Nfd7 5. Bd3 c5 6. c3 Nc6 7. Ne2 cxd4 8. cxd4
f6 9. f4 fxe5 10. dxe5 Qb6 11. Nb3 Be7 12. Nc3 g6 13. Qe2 Rf8 14. Bd2 Nc5 15.
Nxc5 Qxc5 16. Nb5 Qb6 17. Be3 Qa5+ 18. Bd2 Qb6 19. Be3 Bb4+ 20. Bd2 Nd4 21.
Nxd4 Qxd4 22. Bxg6+ hxg6 23. Qb5+ Bd7 24. Qxb4 Qxb4 25. Bxb4 Rxf4 26. Bd6 Rc8
27. g3 Re4+ 28. Kd2 Bb5 29. Rhe1 Rd4+ 30. Ke3 Re4+ 31. Kf3 Rxe1 32. Rxe1 Rc2
33. h4 Rxb2 34. a3 Bc4 35. g4 d4 36. Ke4 Rd2 37. Bb4 Bd5+ 38. Kf4 Rf2+ 39. Kg5
Bf3 40. Rg1 Be4 41. Rd1 d3 42. Rd2 Rf1 43. Rh2 Kf7 44. Rd2 b6 45. Rb2 Bf3 46.
Kf4 Be2+ 47. Ke3 Rf3+ 48. Kd2 Rf4 49. Bc3 Rxg4 50. Rb4 Rg2 51. Rf4+ Kg7 52. Ke3
Rg3+ 53. Kf2 Rg4 54. Rxg4 Bxg4 55. Bd2 Kf7 56. Ke3 Bf5 57. Kd4 Ke8 58. Kc4 Kd7
59. a4 a5 60. Kd4 Kc6 61. Kc4 Bg4 62. Kxd3 Bd1 63. Kc4 Bxa4 64. Bg5 b5+ 65. Kd4
b4 66. Kc4 Bb5+ 67. Kd4 Bf1 68. Be7 Kb5 69. Bg5 a4 70. Bd2 a3 71. Bc1 Ka4 0-1

[Event "Open International Jeunes de Saint-Lô"]
[Site "?"]
[Date "2013.07.14"]
[Round "9.2"]
[White "Grigorian, Roudolph"]
[Black "Fruchard, Cyrille"]
[Result "1-0"]
[WhiteElo "2062"]
[BlackElo "1958"]
[PlyCount "93"]
[SourceDate "2013.07.07"]

1. e4 e6 2. d4 d5 3. Nc3 Nf6 4. e5 Nfd7 5. f4 c5 6. Nf3 Nc6 7. Be3 cxd4 8. Nxd4
Bc5 9. Qd2 O-O 10. O-O-O a6 11. Nb3 Bb4 12. a3 Be7 13. Ne2 b5 14. Ned4 Bb7 15.
Nxc6 Bxc6 16. Nd4 Qc7 17. f5 exf5 18. Nxc6 Qxc6 19. Qxd5 Qxd5 20. Rxd5 Rfd8 21.
Be2 Nf8 22. Rhd1 Rdc8 23. Bf3 Rab8 24. Kb1 Rc4 25. R1d4 Rc7 26. Rd3 Rbc8 27. c3
h6 28. g3 Rc4 29. Bb6 Rb8 30. Ba5 g6 31. b3 Rcc8 32. Kb2 Re8 33. Bc7 Rbc8 34.
Bd6 Kg7 35. a4 bxa4 36. bxa4 f6 37. Ra5 fxe5 38. Bxe5+ Bf6 39. Bxf6+ Kxf6 40.
Rxa6+ Kg7 41. Ra7+ Kh8 42. a5 Ne6 43. Rdd7 Nf8 44. Re7 Red8 45. Kc2 Rb8 46.
Rac7 Rd6 47. Rc6 1-0

[Event "Open International Jeunes de Saint-Lô"]
[Site "?"]
[Date "2013.07.14"]
[Round "9.3"]
[White "Cogan, Nicolas"]
[Black "Marimoutou, Loïc"]
[Result "0-1"]
[WhiteElo "1922"]
[BlackElo "1936"]
[PlyCount "62"]
[SourceDate "2013.07.07"]

1. d4 Nf6 2. c4 g6 3. Nc3 d5 4. cxd5 Nxd5 5. Bd2 Bg7 6. e4 Nb6 7. Be3 O-O 8.
Be2 Nc6 9. Nf3 Bg4 10. d5 Bxf3 11. gxf3 Na5 12. Rc1 Nac4 13. Bg5 c6 14. dxc6
bxc6 15. b3 Nd6 16. Qc2 Qd7 17. O-O Qh3 18. Rfd1 Rae8 19. Qd2 f5 20. Bf4 Nf7
21. exf5 Qxf5 22. Be3 Ne5 23. f4 Ng4 24. Bf3 Qh5 25. Bxc6 Qxh2+ 26. Kf1 Rd8 27.
Qxd8 Rxd8 28. Rxd8+ Kf7 29. Bg2 h5 30. Ne4 Bh6 31. Nd2 Qh4 0-1

[Event "Open International Jeunes de Saint-Lô"]
[Site "?"]
[Date "2013.07.14"]
[Round "9.4"]
[White "David, Alexandru-Vasile"]
[Black "Banzea, Alexandru-Bogdan"]
[Result "1-0"]
[WhiteElo "2080"]
[BlackElo "2056"]
[PlyCount "39"]
[SourceDate "2013.07.07"]

1. d4 Nf6 2. c4 e6 3. Nc3 Bb4 4. e3 b6 5. Nge2 Ba6 6. a3 Bxc3+ 7. Nxc3 d5 8.
Qf3 Nbd7 9. g4 c6 10. g5 Ne4 11. cxd5 Nxg5 12. Qg3 Bxf1 13. dxc6 Ba6 14. cxd7+
Kf8 15. Rg1 h6 16. h4 Nh7 17. Qxg7+ Ke7 18. Bd2 Rg8 19. Nd5+ Kd6 20. Qe5+ 1-0

[Event "Open International Jeunes de Saint-Lô"]
[Site "?"]
[Date "2013.07.14"]
[Round "9.5"]
[White "Lenoel, Marine"]
[Black "Auvray, Honorine"]
[Result "0-1"]
[WhiteElo "1951"]
[BlackElo "1835"]
[PlyCount "82"]
[SourceDate "2013.07.07"]

1. e4 c5 2. Nc3 Nc6 3. d3 e6 4. g3 g6 5. Bg2 Bg7 6. f4 d6 7. Nf3 Nge7 8. O-O
O-O 9. Ne2 b6 10. g4 Bb7 11. Ng3 Nd4 12. c3 Nxf3+ 13. Qxf3 f5 14. Qe2 Qd7 15.
Re1 fxg4 16. Qxg4 Rae8 17. Bh3 Nc6 18. Be3 Bc8 19. Rf1 Re7 20. Qe2 Qe8 21. Rf2
d5 22. Raf1 d4 23. Bd2 Ref7 24. Qd1 Ba6 25. Qc2 dxc3 26. Bxc3 Nd4 27. Qd1 Bh6
28. Bxd4 cxd4 29. Ne2 e5 30. Qb3 Kh8 31. Be6 Rf6 32. Bc4 Bc8 33. Bb5 Qe7 34.
Kh1 Bh3 35. Rg1 Bxf4 36. Nxf4 Rxf4 37. Rxf4 Rxf4 38. Qd5 Rg4 39. Rxg4 Bxg4 40.
h3 Bf3+ 41. Kh2 Qg5 0-1

[Event "Open International Jeunes de Saint-Lô"]
[Site "?"]
[Date "2013.07.14"]
[Round "9.6"]
[White "Jamar, Vadim"]
[Black "Mueller, David"]
[Result "0-1"]
[WhiteElo "1805"]
[BlackElo "1932"]
[PlyCount "74"]
[SourceDate "2013.07.07"]

1. e4 e5 2. Nf3 Nf6 3. Nxe5 d6 4. Nxf7 Kxf7 5. d4 Be7 6. Nc3 Rf8 7. Bc4+ Be6 8.
Bxe6+ Kxe6 9. O-O Kf7 10. f4 Kg8 11. Rf3 c6 12. e5 dxe5 13. fxe5 Nd5 14. Rg3
Bh4 15. Rh3 Bf2+ 16. Kh1 Bh4 17. g3 Nxc3 18. bxc3 Bg5 19. Qh5 h6 20. Bxg5 Qxg5
21. Qxg5 hxg5 22. Kg2 Nd7 23. Rh5 g4 24. Rb1 Nb6 25. Rg5 Rf3 26. Rb3 Raf8 27.
Rxg4 Rf2+ 28. Kh3 Rxc2 29. Re4 Rxa2 30. c4 Rff2 31. e6 Rxh2+ 32. Kg4 Rae2 33.
Rbe3 Rxe3 34. Rxe3 Nxc4 35. Rc3 Nd6 36. d5 cxd5 37. e7 Re2 0-1

[Event "Open International Jeunes de Saint-Lô"]
[Site "?"]
[Date "2013.07.14"]
[Round "9.7"]
[White "Monpeurt, Cyrielle"]
[Black "Dillenschenider, Ernesto"]
[Result "1-0"]
[WhiteElo "2043"]
[BlackElo "1724"]
[PlyCount "61"]
[SourceDate "2013.07.07"]

1. e4 c5 2. Nf3 g6 3. d4 cxd4 4. Nxd4 Bg7 5. Nc3 Nc6 6. Be3 d6 7. f3 Nf6 8. Qd2
O-O 9. O-O-O Nxd4 10. Bxd4 Be6 11. Kb1 Qc7 12. Nb5 Qd7 13. h4 a6 14. Nc3 b5 15.
h5 Rfc8 16. hxg6 hxg6 17. g4 Bc4 18. Nd5 Bxd5 19. exd5 Qc7 20. Bd3 Rab8 21. Qh2
Kf8 22. f4 Ke8 23. Qh3 Bf8 24. Bxf6 exf6 25. Qh8 Qd8 26. Rde1+ Kd7 27. Bxg6
fxg6 28. Rh7+ Be7 29. Qxf6 Kc7 30. Rexe7+ Kb6 31. Qxg6 1-0

[Event "Open International Jeunes de Saint-Lô"]
[Site "?"]
[Date "2013.07.14"]
[Round "9.8"]
[White "Le Bris, Yann"]
[Black "Dodart, Guillaume"]
[Result "1/2-1/2"]
[WhiteElo "1910"]
[BlackElo "1737"]
[PlyCount "100"]
[SourceDate "2013.07.07"]

1. e4 e5 2. Nf3 Nc6 3. Bb5 a6 4. Ba4 Nf6 5. O-O Be7 6. Re1 b5 7. Bb3 O-O 8. c3
d5 9. exd5 Nxd5 10. Nxe5 Nxe5 11. Rxe5 c6 12. d4 Bd6 13. Re1 Qh4 14. g3 Qh3 15.
Qf3 Bg4 16. Qg2 Qh5 17. Be3 Kh8 18. Nd2 Rae8 19. h4 Be6 20. Ne4 Bb8 21. Bd2 f5
22. Nc5 Qf7 23. Rxe6 Rxe6 24. Nxe6 Qxe6 25. Re1 Qf7 26. Bxd5 cxd5 27. f4 Qg6
28. Kh2 Qf7 29. Qe2 Bd6 30. Kg2 Kg8 31. Qe6 Qxe6 32. Rxe6 Rd8 33. Kf3 Kf7 34.
Re2 h5 35. Ke3 Re8+ 36. Kd3 Rxe2 37. Kxe2 Ke7 38. Kd3 Kd7 39. b3 Kc6 40. c4 g6
41. Ba5 Be7 42. Kc3 Bd6 43. Bb4 Bc7 44. a3 Bd8 45. a4 Bc7 46. Bc5 Ba5+ 47. Bb4
Bc7 48. cxb5+ axb5 49. a5 Kb7 50. Bc5 Ka6 1/2-1/2

[Event "Open International Jeunes de Saint-Lô"]
[Site "?"]
[Date "2013.07.14"]
[Round "9.9"]
[White "Jourdren, Kévin"]
[Black "Gely, Lilas"]
[Result "1-0"]
[WhiteElo "1816"]
[BlackElo "1533"]
[PlyCount "49"]
[SourceDate "2013.07.07"]

1. Nf3 Nf6 2. g3 d6 3. d4 d5 4. c4 e6 5. Bg2 Nbd7 6. Nc3 b6 7. cxd5 exd5 8. O-O
Be7 9. Ne5 Bb7 10. Qa4 a6 11. Nc6 b5 12. Nxd8 bxa4 13. Nxb7 c6 14. Nxa4 O-O 15.
Bf4 Rfe8 16. Bf3 Rac8 17. Rac1 h6 18. Bd6 Bf8 19. Bxf8 Rxf8 20. Nbc5 Nxc5 21.
Nxc5 a5 22. b3 Rfe8 23. Rc2 Re7 24. Rfc1 Rec7 25. Na6 1-0

[Event "Open International Jeunes de Saint-Lô"]
[Site "?"]
[Date "2013.07.14"]
[Round "9.10"]
[White "Guerlach, Keigo"]
[Black "Girault, Simon"]
[Result "0-1"]
[WhiteElo "1730"]
[BlackElo "1782"]
[PlyCount "48"]
[SourceDate "2013.07.07"]

1. e4 c6 2. d4 d5 3. exd5 cxd5 4. Bd3 Nf6 5. Ne2 Nc6 6. c3 h6 7. Bf4 e6 8. Nd2
Bd6 9. Bxd6 Qxd6 10. O-O O-O 11. Re1 e5 12. dxe5 Nxe5 13. Bc2 Re8 14. Nd4 Bg4
15. f3 Bd7 16. Kh1 Re7 17. Re2 Rae8 18. Qf1 Nh5 19. Rae1 Nf4 20. Re3 Qc7 21.
Qf2 Ned3 22. Bxd3 Nxd3 23. Rxd3 Rxe1+ 24. Nf1 Qc4 0-1

[Event "Open International Jeunes de Saint-Lô"]
[Site "?"]
[Date "2013.07.14"]
[Round "9.12"]
[White "Turcuman, Dragos-Mihai"]
[Black "Bouvet, Florian"]
[Result "1/2-1/2"]
[WhiteElo "1595"]
[BlackElo "1768"]
[PlyCount "43"]
[SourceDate "2013.07.07"]

1. e4 c5 2. Nc3 d6 3. f4 e6 4. g3 g6 5. Nf3 Bg7 6. Bg2 Nc6 7. O-O Nge7 8. d3
O-O 9. Rb1 b6 10. Be3 Bb7 11. Ne2 f5 12. Ng5 Qd7 13. c3 h6 14. Nf3 Rfd8 15. Nh4
Kh7 16. exf5 Nxf5 17. Nxf5 exf5 18. d4 Qe6 19. Bf2 Qxa2 20. b3 Qa6 21. Ra1 Na5
22. d5 1/2-1/2

[Event "Open International Jeunes de Saint-Lô"]
[Site "?"]
[Date "2013.07.14"]
[Round "9.13"]
[White "Pigeat, Benoît"]
[Black "Mathet, Jeremy"]
[Result "1/2-1/2"]
[WhiteElo "1766"]
[BlackElo "1444"]
[PlyCount "83"]
[SourceDate "2013.07.07"]

1. e4 e6 2. d4 d5 3. Nd2 Nf6 4. e5 Nfd7 5. Ndf3 c5 6. c3 Nc6 7. Ne2 Qb6 8. g3
Be7 9. Bg2 O-O 10. O-O Re8 11. b3 Qc7 12. Ne1 cxd4 13. cxd4 b6 14. Bb2 Ba6 15.
Rc1 Rac8 16. f4 g6 17. Rf2 Qd8 18. Nc2 f6 19. Qd2 f5 20. Bf3 h5 21. Kg2 Kh7 22.
h3 Rg8 23. Kh2 Rg7 24. Ba3 Bxa3 25. Nxa3 Qe7 26. Nc2 Rcg8 27. h4 Rc8 28. Nc3
Nb4 29. Be2 Bxe2 30. Rxe2 a6 31. Ne3 Rgg8 32. a3 Nc6 33. b4 b5 34. Ree1 Nb6 35.
Ne2 Rc7 36. Rc2 Rgc8 37. Rec1 Nd8 38. Rxc7 Rxc7 39. Rxc7 Qxc7 40. Qc3 Qxc3 41.
Nxc3 Kg7 42. Kg2 1/2-1/2

[Event "Open International Jeunes de Saint-Lô"]
[Site "?"]
[Date "2013.07.14"]
[Round "9.14"]
[White "Roos, Daniel"]
[Black "Fayad, Erwan"]
[Result "0-1"]
[WhiteElo "1574"]
[BlackElo "1938"]
[PlyCount "92"]
[SourceDate "2013.07.07"]

1. e4 c5 2. Nf3 d6 3. d4 cxd4 4. Nxd4 Nf6 5. Nc3 g6 6. Be3 Bg7 7. f3 O-O 8. Qd2
Nc6 9. Bc4 Bd7 10. g4 Rc8 11. Bb3 Ne5 12. O-O-O a5 13. h4 b5 14. a3 b4 15. axb4
axb4 16. Na2 Nc4 17. Bxc4 Rxc4 18. b3 Qa5 19. bxc4 Qa3+ 20. Kb1 Ra8 21. Qxb4
Qxa2+ 22. Kc1 Bxg4 23. fxg4 Nxg4 24. Kd2 Nxe3 25. Kxe3 Qa7 26. c3 e5 27. Qxd6
exd4+ 28. Rxd4 Bxd4+ 29. Qxd4 Qe7 30. h5 Qg5+ 31. Kf3 Rd8 32. Qe3 Qf6+ 33. Ke2
Qa6 34. hxg6 Qxc4+ 35. Kf2 fxg6 36. Qe2 Qxc3 37. Qa2+ Kf8 38. Rf1 Rd2+ 39. Kg1+
Kg7 40. Qf7+ Kh6 41. Qf4+ g5 42. Qf8+ Kh5 43. Qf7+ Kh4 44. Qxh7+ Kg3 45. Qa7
Rg2+ 46. Kh1 Qh8+ 0-1

[Event "Open International Jeunes de Saint-Lô"]
[Site "?"]
[Date "2013.07.14"]
[Round "9.15"]
[White "Nolot, Clémentine"]
[Black "Tessier, Victor"]
[Result "1/2-1/2"]
[WhiteElo "1853"]
[BlackElo "1571"]
[PlyCount "85"]
[SourceDate "2013.07.07"]

1. e4 c5 2. Nf3 d6 3. d4 cxd4 4. Nxd4 Nf6 5. Nc3 a6 6. Be3 e5 7. Nb3 Be6 8. Qd2
Nbd7 9. Be2 Be7 10. O-O O-O 11. Bf3 b5 12. a4 b4 13. Nd5 Bxd5 14. exd5 a5 15.
Qd3 Qc7 16. Rac1 Nb6 17. Qb5 Nc4 18. Be2 Nxe3 19. fxe3 Rfb8 20. Qd3 Qb6 21. Kh1
Rc8 22. Nd2 Qb7 23. e4 Rc5 24. Nc4 Nd7 25. b3 Nb6 26. Qh3 Nxc4 27. Bxc4 Qc8 28.
Qh5 g6 29. Qh6 Qf8 30. Qh3 Qc8 31. Qf3 Qf8 32. Rf2 Ra7 33. Rcf1 Bg5 34. Qg4 Qh6
35. Bb5 Rac7 36. Bc6 Bd8 37. Qe2 Qf8 38. Rf3 Qh6 39. Rh3 Qg7 40. Rff3 Qf8 41.
Qd2 f6 42. Rh6 Rf7 43. Rfh3 1/2-1/2